| 000 | 00636nam a2200205 i 4500 | ||
|---|---|---|---|
| 001 | 99846 | ||
| 003 | ES-MaACL | ||
| 007 | t| | ||
| 008 | 050919s1987 sp ||||1| spa d | ||
| 020 | _a84-7774-002-X | ||
| 100 | 1 |
_aMartínez Marzoa, Felipe. _978215 |
|
| 245 | 1 | 0 |
_aDesconocida raíz común _b: Estudio sobre la teoría Kantiana de lo bello / _cFelipe Martínez Marzoa. |
| 260 |
_aMadrid : _bVisor, _c1987. |
||
| 300 |
_a104 p. ; _c22 cm. |
||
| 490 | 1 |
_aLa balsa de la medusa ; _v5 |
|
| 504 | _aBibliografía. | ||
| 830 | 0 | 3 |
_aLa balsa de la Medusa _v5 _9178610 |
| 852 |
_aES-MaACL _jG-1560 _bR.115196 |
||
| 999 |
_c99846 _d99846 |
||